History of the 2nd Ferrying Group, Ferrying Division, Air Transport Command, New Castle Army Air Base, Wilmington, Delaware /

Bibliographic Details
Main Author: Matz, Onas P.
Corporate Author: Wilmington Warrior Association
Format: Book
Language:English
Published: Seattle, Wash. : Modet Enterprises, 1993.
Edition:1st ed.
Subjects:

MARC

Tag First Indicator Second Indicator Subfields
LEADER 00000cam a2200000 a 4500
001 in00001149921
005 20151001071342.0
008 930111s1993 waua 001 0deng
010 |a  92063231  
020 |a 0963565206 :  |c $49.95. 
035 |a (OCoLC)30112323 
035 |9 AGE2730AM 
040 |a DLC  |c DLC  |d TXA  |d UtOrBLW 
043 |a n-us--- 
049 |a TXAS [mil] 
050 0 0 |a D790  |b .M36 1993 
082 0 0 |a 940.54/4973  |2 20 
090 |a D790  |b .M38 1993 
100 1 |a Matz, Onas P. 
245 1 0 |a History of the 2nd Ferrying Group, Ferrying Division, Air Transport Command, New Castle Army Air Base, Wilmington, Delaware /  |c Onas P. Matz. 
250 |a 1st ed. 
264 1 |a Seattle, Wash. :  |b Modet Enterprises,  |c 1993. 
300 |a xii, 419 pages :  |b illustrations ;  |c 29 cm. 
336 |a text  |b txt  |2 rdacontent 
337 |a unmediated  |b n  |2 rdamedia 
338 |a volume  |b nc  |2 rdacarrier 
500 |a Includes indexes. 
500 |a "Sponsored by Wilmington Warrior Association." 
500 |a "Articles of War, Ltd. presents an autographed edition"--signed label on front lining paper. 
610 1 0 |a United States.  |b Army Air Forces.  |b Air Transport Command.  |b Ferrying Group, 2nd  |x History. 
650 0 |a World War, 1939-1945  |x Aerial operations, American. 
650 0 |a World War, 1939-1945  |v Personal narratives, American. 
610 2 0 |a Wilmington Warrior Association. 
710 2 |a Wilmington Warrior Association. 
740 0 |a History of the Second Ferrying Group. 
999 |a MARS 
999 f f |s 04ae22f2-d882-3943-a0d0-c6a4c692a654  |i cea20c3b-4294-3e35-809d-963e98b9bd37  |t 0 
952 f f |p noncirc  |a Texas A&M University  |b College Station  |c Cushing Memorial Library & Archives  |d Cushing: Ragan Military (Does not check out)  |t 0  |e D790 .M38 1993  |h Library of Congress classification  |i unmediated -- volume  |m A14852659052 
998 f f |a D790 .M38 1993  |t 0  |l Cushing: Ragan Military (Does not check out)